|
|
|
|
| LEADER |
00000cam a2200000 a 4500 |
| 001 |
vtls001174865 |
| 003 |
SK-MaSNL |
| 005 |
20260301151647.0 |
| 008 |
201207s1946 xxu g 00000 slo |
| 035 |
|
|
|a SNK000117859
|
| 035 |
|
|
|a urn:nbn:sk:snk-am3ib0y
|
| 035 |
|
|
|a urn:nbn:sk:snk-am00dj3l
|
| 035 |
|
|
|a C70916A8-522C-455D-9050-C49C808930EC
|
| 040 |
|
|
|a SNK
|b slo
|c SNK
|e AACR2
|
| 041 |
0 |
|
|a slo
|
| 044 |
|
|
|a xxu
|c US
|
| 080 |
|
|
|a 63(035)
|2 1981
|
| 100 |
1 |
|
|a Porubský, Ján,
|d 1874-1953
|4 aut
|4 com
|9 179182
|
| 245 |
1 |
0 |
|a Farma a dvor
|b poľno-hospodárska príručka
|n Sväzok II
|c sostavil Ján Porubský
|
| 260 |
|
|
|a Scranton
|b Obrana Press
|c 1946
|
| 300 |
|
|
|a 320 s.
|b Fotogr., obr.
|c 19 cm
|
| 500 |
|
|
|a Ilustr. na tit. liste
|
| 650 |
0 |
7 |
|a poľnohospodárstvo
|2 SNKPH
|9 679
|
| 650 |
0 |
7 |
|a ovocinárstvo
|2 SNKPH
|9 16370
|
| 650 |
0 |
7 |
|a záhradníctvo
|2 SNKPH
|9 2729
|
| 655 |
|
7 |
|a príručky
|2 SNKPH
|9 74364
|
| 958 |
|
|
|a APR
|
| 958 |
|
|
|a UC
|
| 958 |
|
|
|a ZS
|
| 958 |
|
|
|a TL
|
| 999 |
|
|
|c 787249
|d 789179
|
| 952 |
|
|
|a SNK
|b SNK
|y PREZ
|7 0
|p 17A0908220
|o snkSD 5463/2
|i snkV 1808/93
|8 2
|0 0
|1 0
|4 0
|d 2018-10-09
|f 1
|l 0
|r 2025-11-12 00:00:00
|w 2026-02-24
|